| 000 | 00482nam a2200193Ia 4500 | ||
|---|---|---|---|
| 005 | 20221205102140.0 | ||
| 008 | 131103s9999 xx 000 0 und d | ||
| 040 | _aLoreto College | ||
| 041 | _aEnglish | ||
| 082 |
_a821.91 _bHAR-HYN |
||
| 100 | _aHynes, Samuel | ||
| 245 | 4 |
_aThe pattern of Hardy's poetry _cSamuel Hynes |
|
| 260 |
_aU.S.A _bChapel hill _c1961 |
||
| 300 | _a193p. | ||
| 504 | _aIncludes index | ||
| 650 | _aEnglish poetry | ||
| 850 | _aLCLIB | ||
| 942 | _cBK | ||
| 999 |
_c21808 _d72287 |
||